Catálogo público

An introduction to agrotoipoclimatology (Record no. 28296)

MARC details
000 -CABECERA
campo de control de longitud fija 01344cam a22003737a 4500
003 - IDENTIFICADOR DEL NÚMERO DE CONTROL
campo de control CHAP
005 - FECHA Y HORA DE LA ÚLTIMA TRANSACCIÓN
campo de control 20220329134931.0
008 - DATOS DE LONGITUD FIJA--INFORMACIÓN GENERAL
campo de control de longitud fija 971013s1974 r 00010 d
010 ## - NÚMERO DE CONTROL DE LA BIBLIOTECA DEL CONGRESO
Número de control de LC 28296
011 ## - ENLACE DEL NUMERO DE CONTROL DE LA BIBLIOTECA DEL CONGRESO [OBSOLETO]
Número de control de LC 29268
035 ## - NÚMERO DE CONTROL DEL SISTEMA
Número de control de sistema 33379
040 ## - FUENTE DE LA CATALOGACIÓN
Centro/agencia transcriptor CHAP
082 ## - NÚMERO DE LA CLASIFICACIÓN DECIMAL DEWEY
Número de clasificación 630.2515
Número de documento/Ítem M3
100 00 - ENTRADA PRINCIPAL--NOMBRE DE PERSONA
Nombre de persona McHattie, L. B.
9 (RLIN) 73590
245 13 - MENCIÓN DE TÍTULO
Título An introduction to agrotoipoclimatology
260 ## - PUBLICACIÓN, DISTRIBUCIÓN, ETC.
Lugar de publicación, distribución, etc. Geneva :
Nombre del editor, distribuidor, etc. Organización Meteorológica Mundial,
Fecha de publicación, distribución, etc. 1974
300 ## - DESCRIPCIÓN FÍSICA
Extensión 131 p.
Otras características físicas ; gráfs
490 #0 - MENCIÓN DE SERIE
Mención de serie WMO
Designación de volumen o secuencia ; 378
590 ## - NOTA LOCAL (RLIN)
Nota local BATCH-UPD
Procedencia (VM) [OBSOLETO] 10
Condición del los carretes individuales (VM) [OBSOLETO] 20130110
-- UCH01
-- 1732
590 ## - NOTA LOCAL (RLIN)
Nota local BATCH-UPD
Procedencia (VM) [OBSOLETO] 10
Condición del los carretes individuales (VM) [OBSOLETO] 20130410
-- UCH01
-- 1113
590 ## - NOTA LOCAL (RLIN)
Nota local BATCH-UPD
Procedencia (VM) [OBSOLETO] 10
Condición del los carretes individuales (VM) [OBSOLETO] 20130914
-- UCH01
-- 1126
590 ## - NOTA LOCAL (RLIN)
Nota local CONVERSION
Procedencia (VM) [OBSOLETO] 10
Condición del los carretes individuales (VM) [OBSOLETO] 20130109
-- UCH01
-- 1316
650 14 - PUNTO DE ACCESO ADICIONAL DE MATERIA--TÉRMINO DE MATERIA
Término de materia o nombre geográfico como elemento de entrada Cultivos y clima.
9 (RLIN) 30392
650 14 - PUNTO DE ACCESO ADICIONAL DE MATERIA--TÉRMINO DE MATERIA
Término de materia o nombre geográfico como elemento de entrada Meteorología agrícola.
9 (RLIN) 75217
700 0# - PUNTO DE ACCESO ADICIONAL--NOMBRE DE PERSONA
Nombre de persona Schelle, F.
9 (RLIN) 102958
830 0# - PUNTO DE ACCESO ADICIONAL DE SERIE-TÍTULO UNIFORME
Título uniforme WMO
Designación de volumen o secuencia ; 378
9 (RLIN) 122394
901 ## - ELEMENTOS DE DATOS A LOCAL LDA (RLIN)
a BK
942 ## - ELEMENTOS DE PUNTO DE ACCESO ADICIONAL (KOHA)
Tipo de ítem Koha Libro
949 ## - PROCESAMIENTO DE INFORMACIÓN LOCAL (OCLC)
a 630.2515 M3
b BC
c LIBRO
d -77653
e LIBRO
i 33379
s i
t 16.88
949 ## - PROCESAMIENTO DE INFORMACIÓN LOCAL (OCLC)
a 630.2515 M3
b BC
c LIBRO
d 33724000029856
e LIBRO
f c.2
h 56742
i 33379
s i
t 16.88
949 ## - PROCESAMIENTO DE INFORMACIÓN LOCAL (OCLC)
a 630.2515 M3
b BC
c LIBRO
d 33724000029864
e LIBRO
f c.3
h 56743
i 33379
s i
t 16.88
949 ## - PROCESAMIENTO DE INFORMACIÓN LOCAL (OCLC)
a 630.2515 M3
b BC
c LIBRO
d 33724000029872
e LIBRO
f c.4
h 39997
i 33379
s i
t 16.88
949 ## - PROCESAMIENTO DE INFORMACIÓN LOCAL (OCLC)
a 630.2515 M3
b BC
c LIBRO
d 33724000029880
e LIBRO
f c.5
h 62210
i 33379
s i
t 16.88
Holdings
Estado de retiro Estado de pérdida Fuente del sistema de clasificación o colocación Estado dañado Restricciones de uso No para préstamo Código de colección Localización permanente Ubicación/localización actual Ubicación en estantería Fecha de adquisición Información codificada de la localización en otra ubicación Total de préstamos Signatura topográfica completa Código de barras Fecha visto por última vez Precio válido a partir de Tipo de ítem Koha Número de copia
    Dewey Decimal Classification   Préstamo 15 días   General Biblioteca Central Biblioteca Central Planta principal - Colección General 17/12/2012 LIBRO   630.2515 M3 -77653 31/12/2019 31/12/2019 Libro  
    Dewey Decimal Classification   Préstamo 15 días   General Biblioteca Central Biblioteca Central Planta principal - Colección General 31/12/2019 LIBRO   630.2515 M3 33724000029856 31/12/2019 31/12/2019 Libro c.2
    Dewey Decimal Classification   Préstamo 15 días   General Biblioteca Central Biblioteca Central Planta principal - Colección General 31/12/2019 LIBRO   630.2515 M3 33724000029864 31/12/2019 31/12/2019 Libro c.3
    Dewey Decimal Classification   Préstamo 15 días   General Biblioteca Central Biblioteca Central Planta principal - Colección General 31/12/2019 LIBRO   630.2515 M3 33724000029872 31/12/2019 31/12/2019 Libro c.4
    Dewey Decimal Classification   Préstamo 15 días   General Biblioteca Central Biblioteca Central Planta principal - Colección General 31/12/2019 LIBRO   630.2515 M3 33724000029880 31/12/2019 31/12/2019 Libro c.5